000 00311nam a22001217a 4500
999 _c3027
_d3027
005 20200925152708.0
008 200925b ||||| |||| 00| 0 eng d
020 _a9781842550670
040 _cCML
245 _aHorrid Henry's Underpants.
_cSimon, F.
260 _aLondon
_bClays Ltd
_c2003
942 _2ddc
_cBK
_kF
_mSIM